| 000 | 00506nam a22001695i 4500 | ||
|---|---|---|---|
| 001 | 48641 | ||
| 003 | ES-MaACL | ||
| 005 | 20230906161805.0 | ||
| 007 | t| | ||
| 008 | 941129s1843 sp ||||1| spa d | ||
| 040 |
_aAS _bspa |
||
| 100 | 1 |
_aDíaz de Baeza, Juan. _944215 |
|
| 245 | 1 | 0 |
_aHistoria de la Guerra de España contra el emperador Napoleón / _cpor el presbítero Juan Díaz de Baeza. |
| 260 |
_aMadrid : _bI. Boix, _c1843. |
||
| 300 |
_aIV, 477 p. : _bil. ; _c21 cm. |
||
| 852 |
_aES-MaACL _jD-396 |
||
| 999 |
_c48641 _d48641 |
||